[Event "ChessKid Youth U16 GpB"]
[Site "Chess.com INT"]
[Date "2025.06.07"]
[Round "5"]
[White "Mishra, Abhimanyu"]
[Black "Chen, Ryo"]
[Result "1/2-1/2"]
[WhiteElo "2611"]
[BlackElo "2395"]
[PlyCount "134"]
[EventDate "2025.06.07"]
[EventType "tourn (blitz)"]
[EventRounds "10"]
[EventCountry "USA"]
[EventCategory "9"]
[SourceTitle "CB26_2025"]
[SourceDate "2025.06.25"]
[SourceVersion "1"]
[SourceVersionDate "2025.06.25"]
[SourceQuality "1"]

1. Nf3 Nf6 2. c4 g6 3. d4 Bg7 4. g3 0-0 5. Bg2 d6 6. Nc3 Nc6 7. d5 Na5 8. b3 c5 9. Bb2 e6 10. 0-0 exd5 11. cxd5 Bd7 12. a4 Ne4 13. Qc2 Nxc3 14. Bxc3 Bxc3 15. Qxc3 Qb6 16. Nd2 f5 17. Nc4 Nxc4 18. bxc4 Rae8 19. a5 Qd8 20. e3 Qf6 21. Qd2 Qe5 22. Rab1 Bc8 23. Rb3 Kh8 24. h4 Qf6 25. Bf3 h6 26. Kg2 Kg7 27. Qb2 g5 28. hxg5 hxg5 29. Rh1 Qxb2 30. Rxb2 f4 31. exf4 gxf4 32. g4 Re5 33. Rbb1 Rg5 34. Rh4 Rh8 35. Rxh8 Kxh8 36. Kh3 Rh5+ 37. Kg2 Rh4 38. Re1 Bxg4 39. Re8+ Kg7 40. Re7+ Kf6 41. Rxb7 Bxf3+ 42. Kxf3 Rh3+ 43. Kxf4 Rc3 44. Rxa7 Rxc4+ 45. Ke3 Ke5 46. a6 Ra4 47. Re7+ Kxd5 48. a7 c4 49. f4 Ra3+ 50. Ke2 Kd4 51. f5 Ra2+ 52. Kf3 c3 53. Rc7 Ke5 54. Rxc3 Rxa7 55. Rd3 Rf7 56. Ke3 Rxf5 57. Kd2 Rf4 58. Re3+ Re4 59. Ra3 Rh4 60. Ra5+ d5 61. Ra8 Rh2+ 62. Kd1 Ke4 63. Ra3 d4 64. Rb3 Rg2 65. Ra3 Rh2 66. Rb3 Rg2 67. Ra3 Rh2 1/2-1/2

[Event "Saint Louis Spring-A"]
[Site "Saint Louis"]
[Date "2025.04.28"]
[Round "8"]
[White "Mishra, Abhimanyu"]
[Black "Bok, Benjamin"]
[Result "1/2-1/2"]
[WhiteElo "2605"]
[BlackElo "2592"]
[PlyCount "86"]
[EventDate "2025.04.21"]
[EventType "tourn"]
[EventRounds "9"]
[EventCountry "USA"]
[EventCategory "14"]
[SourceTitle "CB18_2025"]
[SourceDate "2025.04.30"]
[SourceVersion "1"]
[SourceVersionDate "2025.04.30"]
[SourceQuality "1"]

1. d4 Nf6 2. c4 e6 3. Nc3 Bb4 4. g3 0-0 5. Bg2 d5 6. Nf3 dxc4 7. 0-0 Nc6 8. a3 Be7 9. e4 a6 10. Be3 b5 11. Qc2 Bb7 12. Rad1 Na5 13. d5 Qe8 14. Bf4 exd5 15. exd5 Bd6 16. Bg5 Qd8 17. Nd4 h6 18. Bxf6 Qxf6 19. Ne4 Qg6 20. Qc3 Nb3 21. Nxb3 cxb3 22. Qxb3 Rfe8 23. Nxd6 Qxd6 24. Rfe1 Rxe1+ 25. Rxe1 Rd8 26. Qc3 Bxd5 27. Bxd5 Qxd5 28. Qxc7 Rd6 29. Qc2 Qd3 30. Qxd3 Rxd3 31. Re7 Kf8 32. Ra7 Rb3 33. Rxa6 Rxb2 34. a4 bxa4 35. Rxa4 g6 36. h4 h5 37. Kg2 Kg7 38. Kg1 Rb1+ 39. Kg2 Rb2 40. Kg1 Rb1+ 41. Kg2 Rb2 42. Kg1 Rb1+ 43. Kg2 Rb2 1/2-1/2

[Event "Saint Louis Spring-A"]
[Site "Saint Louis"]
[Date "2025.04.26"]
[Round "6"]
[White "Mishra, Abhimanyu"]
[Black "Quesada Perez, Yasser"]
[Result "1/2-1/2"]
[WhiteElo "2605"]
[BlackElo "2566"]
[PlyCount "79"]
[EventDate "2025.04.21"]
[EventType "tourn"]
[EventRounds "9"]
[EventCountry "USA"]
[EventCategory "14"]
[SourceTitle "CB18_2025"]
[SourceDate "2025.04.30"]
[SourceVersion "1"]
[SourceVersionDate "2025.04.30"]
[SourceQuality "1"]

1. e4 e5 2. Nf3 Nc6 3. Bc4 Nf6 4. d3 h6 5. 0-0 d6 6. c3 Be7 7. Re1 0-0 8. a4 a5 9. Nbd2 Be6 10. h3 Bxc4 11. Nxc4 Re8 12. Qb3 b6 13. Ne3 Bf8 14. Nd5 Nxd5 15. Qxd5 Qd7 16. Bd2 g6 17. d4 Rad8 18. Qb5 exd4 19. cxd4 d5 20. e5 Nb4 21. Bxb4 Bxb4 22. Re2 Re6 23. Qd3 Bf8 24. Nh2 c5 25. Ng4 Bg7 26. f4 cxd4 27. Rf1 Qxa4 28. f5 gxf5 29. Qxf5 Qd7 30. Ref2 Rg6 31. Qh5 Qe7 32. Rf6 Rf8 33. Rxg6 fxg6 34. Rxf8+ Kxf8 35. Qxg6 Qc7 36. Qf5+ Qf7 37. Qc8+ Qe8 38. Qf5+ Qf7 39. Qc8+ Qe8 40. Qf5+ 1/2-1/2

[Event "Saint Louis Spring-A"]
[Site "Saint Louis"]
[Date "2025.04.22"]
[Round "2"]
[White "Gazik, Viktor"]
[Black "Mishra, Abhimanyu"]
[Result "1/2-1/2"]
[WhiteElo "2573"]
[BlackElo "2605"]
[PlyCount "77"]
[EventDate "2025.04.21"]
[EventType "tourn"]
[EventRounds "9"]
[EventCountry "USA"]
[EventCategory "14"]
[SourceTitle "CB18_2025"]
[SourceDate "2025.04.30"]
[SourceVersion "1"]
[SourceVersionDate "2025.04.30"]
[SourceQuality "1"]

1. e4 c5 2. Nf3 d6 3. Nc3 Nf6 4. d4 cxd4 5. Nxd4 a6 6. h3 e5 7. Nf3 Be7 8. g4 h6 9. Rg1 g5 10. Nd2 Be6 11. Nc4 Nxe4 12. Nxe4 d5 13. Nxe5 dxe4 14. Qxd8+ Bxd8 15. Bd2 Nd7 16. Nxd7 Bxd7 17. 0-0-0 Bb6 18. Bc3 Rf8 19. Bb4 Rg8 20. Bc4 0-0-0 21. Rgf1 Bb5 22. Bxb5 axb5 23. Bd2 f5 24. gxf5 Rgf8 25. Be3 Rxd1+ 26. Kxd1 Kc7 27. Bxb6+ Kxb6 28. Re1 Rxf5 29. Rxe4 Rxf2 30. Re6+ Kc7 31. Rxh6 Rh2 32. Rh5 Kc6 33. a3 Kb6 34. Kc1 Rg2 35. Rh6+ Kc7 36. Rh7+ Kb6 37. Rh6+ Kc7 38. Rh7+ Kb6 39. Rh6+ 1/2-1/2

[Event "Saint Louis Spring-A"]
[Site "Saint Louis"]
[Date "2025.04.21"]
[Round "1"]
[White "Mishra, Abhimanyu"]
[Black "Bruzon Batista, Lazaro"]
[Result "1-0"]
[WhiteElo "2605"]
[BlackElo "2559"]
[PlyCount "63"]
[EventDate "2025.04.21"]
[EventType "tourn"]
[EventRounds "9"]
[EventCountry "USA"]
[EventCategory "14"]
[SourceTitle "CB18_2025"]
[SourceDate "2025.04.30"]
[SourceVersion "1"]
[SourceVersionDate "2025.04.30"]
[SourceQuality "1"]

1. e4 c5 2. Nf3 e6 3. d4 cxd4 4. Nxd4 Nc6 5. Nc3 Qc7 6. g4 a6 7. Be3 h6 8. Qd2 Nf6 9. f3 Ne5 10. h4 d5 11. 0-0-0 dxe4 12. Bf4 Bd7 13. Nb3 Bc6 14. Qh2 Nxf3 15. Bxc7 Nxh2 16. Rxh2 Nxg4 17. Re2 Rc8 18. Bg3 f5 19. Nd4 Bd7 20. Nxf5 exf5 21. Nxe4 fxe4 22. Rxe4+ Be7 23. Rde1 Rxc2+ 24. Kxc2 Bf5 25. Bd3 Bxe4 26. Bxe4 h5 27. Bg6+ Kd7 28. Bf5+ Kd8 29. Rd1+ Ke8 30. Bg6+ Kf8 31. Bf4 Nf6 32. Rd3 1-0

[Event "American Cup Champ"]
[Site "Saint Louis"]
[Date "2025.03.17"]
[Round "1.3"]
[White "Nakamura, Hikaru"]
[Black "Mishra, Abhimanyu"]
[Result "0-1"]
[WhiteElo "2802"]
[BlackElo "2600"]
[PlyCount "128"]
[EventDate "2025.03.15"]
[EventType "k.o."]
[EventRounds "4"]
[EventCountry "USA"]
[SourceTitle "CB13_2025"]
[SourceDate "2025.03.26"]
[SourceVersion "1"]
[SourceVersionDate "2025.03.26"]
[SourceQuality "1"]

1. Nf3 Nf6 2. g3 d5 3. Bg2 e6 4. 0-0 Be7 5. b3 0-0 6. e3 c5 7. Bb2 Nc6 8. c4 d4 9. exd4 cxd4 10. Re1 Rb8 11. Na3 Bc5 12. Nc2 b6 13. d3 Bb7 14. a3 a5 15. Rb1 Re8 16. Bc1 e5 17. b4 axb4 18. axb4 Bd6 19. Bg5 h6 20. Bxf6 Qxf6 21. Nd2 Qe7 22. b5 Nb4 23. Nxb4 Bxb4 24. Bxb7 Bxd2 25. Qxd2 Qxb7 26. Qe2 Ra8 27. Ra1 Rxa1 28. Rxa1 e4 29. dxe4 Rxe4 30. Qd3 g6 31. Qd2 h5 32. h4 Qe7 33. Kg2 Qb7 34. Kg1 Qe7 35. Rd1 Kh7 36. Kg2 Qb7 37. Kh2 Qc7 38. Qd3 Rxh4+ 39. Kg2 Rg4 40. Re1 Qb7+ 41. Kh2 h4 42. Kh3 Rg5 43. g4 f5 44. f3 fxg4+ 45. fxg4 Qf7 46. Qe4 Rc5 47. Qxd4 Rxc4 48. Re7 Qxe7 49. Qxc4 g5 50. Qc2+ Kg7 51. Qc3+ Qf6 52. Qc7+ Kg6 53. Qc6 Kf7 54. Qc7+ Ke8 55. Qc8+ Qd8 56. Qe6+ Kf8 57. Qh6+ Kf7 58. Qh7+ Ke6 59. Qf5+ Kd6 60. Qd3+ Kc7 61. Qc3+ Kb8 62. Qe3 Qc7 63. Kg2 Qc2+ 64. Kg1 Qc5 0-1

[Event "American Cup Champ"]
[Site "Saint Louis"]
[Date "2025.03.17"]
[Round "1.6"]
[White "Nakamura, Hikaru"]
[Black "Mishra, Abhimanyu"]
[Result "1-0"]
[WhiteElo "2802"]
[BlackElo "2600"]
[PlyCount "99"]
[EventDate "2025.03.15"]
[EventType "k.o."]
[EventRounds "4"]
[EventCountry "USA"]
[SourceTitle "CB13_2025"]
[SourceDate "2025.03.26"]
[SourceVersion "1"]
[SourceVersionDate "2025.03.26"]
[SourceQuality "1"]

1. Nf3 Nf6 2. g3 d5 3. Bg2 e6 4. 0-0 Be7 5. b3 0-0 6. Bb2 c5 7. e3 Nc6 8. Qe2 b6 9. c4 Bb7 10. Rd1 dxc4 11. bxc4 Qc7 12. d3 Rfd8 13. Nc3 a6 14. Rab1 Rab8 15. Ne1 Nb4 16. a3 Bxg2 17. Nxg2 Nc6 18. Ba1 Rb7 19. f4 Rdb8 20. a4 Nb4 21. g4 Qc6 22. g5 Ne8 23. Rd2 Rd8 24. Ne1 Rbd7 25. Rbd1 Nd6 26. Nf3 f6 27. e4 Nf7 28. h4 Rd6 29. gxf6 gxf6 30. Kh2 Kf8 31. e5 R6d7 32. d4 f5 33. d5 Qc8 34. d6 Nh6 35. dxe7+ Kxe7 36. Rd6 Nf7 37. Rxd7+ Rxd7 38. Bb2 Nh6 39. Bc1 Ng4+ 40. Kg1 h6 41. Rxd7+ Qxd7 42. Qd2 Nd3 43. Nd5+ exd5 44. Qxd3 dxc4 45. Qxd7+ Kxd7 46. Ba3 Ne3 47. a5 Nc2 48. axb6 Nxa3 49. e6+ Kd6 50. b7 1-0

[Event "Wch Blitz"]
[Site "New York"]
[Date "2024.12.30"]
[Round "11"]
[White "Mishra, Abhimanyu"]
[Black "Kadric, Denis"]
[Result "1-0"]
[WhiteElo "2616"]
[BlackElo "2544"]
[PlyCount "132"]
[EventDate "2024.12.30"]
[EventType "swiss (blitz)"]
[EventRounds "13"]
[EventCountry "USA"]
[SourceTitle "CB01_2025"]
[SourceDate "2025.01.01"]
[SourceVersion "1"]
[SourceVersionDate "2025.01.01"]
[SourceQuality "1"]

1. e4 d6 2. d4 Nf6 3. Nc3 e5 4. Nf3 Nbd7 5. Bc4 Be7 6. 0-0 0-0 7. Re1 c6 8. a4 h6 9. h3 Re8 10. Be3 exd4 11. Bxd4 Nf8 12. a5 Be6 13. Bxe6 Nxe6 14. Be3 Qc7 15. Nd4 Bf8 16. Nf5 Ng5 17. Bxg5 hxg5 18. Qd2 Nh7 19. Red1 Re6 20. Nd4 Re5 21. Nf3 Re6 22. Nxg5 Nxg5 23. Qxg5 g6 24. f4 Bg7 25. f5 Re5 26. a6 b5 27. Qg4 Rae8 28. fxg6 fxg6 29. Qxg6 b4 30. Ne2 R8e6 31. Qg3 Rxe4 32. Nf4 R6e5 33. Qg4 d5 34. Rf1 Re7 35. Rf3 Qd7 36. Qg5 R7e5 37. Qg3 Qe8 38. Raf1 Re1 39. Nd3 Rxf1+ 40. Rxf1 Re6 41. Qc7 Re7 42. Qd6 Re6 43. Qc7 Re7 44. Qg3 Re6 45. Nxb4 Rg6 46. Qf3 Bxb2 47. Nd3 Bg7 48. Qf2 Qe7 49. Kh1 Rf6 50. Qg1 Re6 51. Nf4 Rf6 52. Qf2 Qf7 53. g3 Bh6 54. Qe3 Kh7 55. Qd3+ Kg7 56. Qe3 c5 57. Qxc5 Bxf4 58. gxf4 Rxf4 59. Rxf4 Qxf4 60. Qxa7+ Kf6 61. Qb6+ Kf5 62. Qg1 Qe4+ 63. Qg2 Qe1+ 64. Kh2 Qe5+ 65. Kg1 Qa1+ 66. Qf1+ Ke5 1-0

[Event "Saint Louis Masters op"]
[Site "Saint Louis"]
[Date "2024.12.06"]
[Round "8"]
[White "Mishra, Abhimanyu"]
[Black "Batsuren, Dambasuren"]
[Result "1/2-1/2"]
[WhiteElo "2616"]
[BlackElo "2531"]
[PlyCount "41"]
[EventDate "2024.12.03"]
[EventType "swiss"]
[EventRounds "9"]
[EventCountry "USA"]
[SourceTitle "CB50_2024"]
[SourceDate "2024.11.01"]
[SourceVersion "1"]
[SourceVersionDate "2024.11.01"]
[SourceQuality "2"]

1. e4 e5 2. Nf3 Nc6 3. Bc4 Nf6 4. d3 Bc5 5. c3 d6 6. 0-0 h6 7. Re1 0-0 8. Nbd2 Bb6 9. b4 a5 10. b5 Ne7 11. a4 Ng6 12. d4 Re8 13. Ba3 Be6 14. Bf1 Bg4 15. Qc2 d5 16. exd5 e4 17. Nxe4 Bxf3 18. gxf3 Nh4 19. Qd3 Nxd5 20. f4 Nxf4 21. Qg3 1/2-1/2

[Event "US Masters op"]
[Site "Charlotte"]
[Date "2024.11.28"]
[Round "2"]
[White "Mishra, Abhimanyu"]
[Black "Stefanov, Emil"]
[Result "1/2-1/2"]
[WhiteElo "2616"]
[BlackElo "2362"]
[PlyCount "65"]
[EventDate "2024.11.27"]
[EventType "swiss"]
[EventRounds "9"]
[EventCountry "USA"]
[SourceTitle "CB49_2024"]
[SourceDate "2024.12.04"]
[SourceVersion "1"]
[SourceVersionDate "2024.12.04"]
[SourceQuality "1"]

1. e4 e5 2. Nf3 Nc6 3. Bc4 Nf6 4. d3 Be7 5. 0-0 0-0 6. Re1 d6 7. a4 Be6 8. Nbd2 a5 9. h3 h6 10. b3 Nh7 11. Nf1 Ng5 12. Bxg5 Bxg5 13. Bxe6 fxe6 14. c3 Qf6 15. N1h2 Qg6 16. g3 Rf7 17. Kg2 Raf8 18. Ra2 Bd8 19. Rb2 h5 20. h4 Kh8 21. Re3 Qh6 22. Qd2 Kh7 23. Re2 Qxd2 24. Rexd2 Kh6 25. b4 axb4 26. cxb4 g5 27. b5 Na5 28. hxg5+ Bxg5 29. Rd1 b6 30. d4 exd4 31. Nxg5 Kxg5 32. f4+ Kh6 33. Rxd4 1/2-1/2

[Event "US Masters op"]
[Site "Charlotte"]
[Date "2024.11.27"]
[Round "1"]
[White "Graif, William"]
[Black "Mishra, Abhimanyu"]
[Result "0-1"]
[WhiteElo "2215"]
[BlackElo "2616"]
[PlyCount "100"]
[EventDate "2024.11.27"]
[EventType "swiss"]
[EventRounds "9"]
[EventCountry "USA"]
[SourceTitle "CB49_2024"]
[SourceDate "2024.12.04"]
[SourceVersion "1"]
[SourceVersionDate "2024.12.04"]
[SourceQuality "1"]

1. e4 c5 2. c3 Nf6 3. e5 Nd5 4. d4 cxd4 5. Nf3 d6 6. Bb5+ Bd7 7. Bc4 e6 8. cxd4 Be7 9. Bxd5 exd5 10. Nc3 Be6 11. Qb3 Qd7 12. Bf4 Nc6 13. exd6 Bxd6 14. Bxd6 Qxd6 15. 0-0 Rb8 16. Nb5 Qe7 17. Qe3 0-0 18. Rfe1 Qd7 19. Rac1 Bg4 20. h3 Rbe8 21. Qf4 Bxf3 22. Qxf3 Re6 23. Kf1 h6 24. Nc3 Nxd4 25. Qxd5 Rd6 26. Qe4 Rd8 27. Rcd1 b5 28. a3 a5 29. Qe7 Qc6 30. Qe4 Qc5 31. Ne2 Ne6 32. Rxd6 Qxd6 33. Ng3 Qd2 34. Qe2 Nf4 35. Qxb5 Nd3 36. Re8+ Rxe8 37. Qxe8+ Kh7 38. Kg1 Qxf2+ 39. Kh2 Nxb2 40. Qe4+ g6 41. h4 Nd1 42. h5 Qf6 43. hxg6+ fxg6 44. Qb7+ Qg7 45. Qd5 Ne3 46. Qxa5 Ng4+ 47. Kh3 Nf2+ 48. Kh2 Ng4+ 49. Kh3 Qd7 50. a4 h5 0-1

[Event "USA-ch+"]
[Site "Saint Louis"]
[Date "2024.10.11"]
[Round "1"]
[White "Mishra, Abhimanyu"]
[Black "Yoo, Christopher Woojin"]
[Result "1/2-1/2"]
[WhiteElo "2630"]
[BlackElo "2590"]
[PlyCount "63"]
[EventDate "2024.10.11"]
[EventType "tourn"]
[EventRounds "11"]
[EventCountry "USA"]
[EventCategory "18"]
[SourceTitle "CB43_2024"]
[Source "Chessbase"]
[SourceDate "2024.10.23"]
[SourceVersion "1"]
[SourceVersionDate "2024.10.23"]
[SourceQuality "1"]

1. e4 e5 2. Nf3 Nf6 3. d4 Nxe4 4. Bd3 Nc6 5. Nxe5 Nxe5 6. dxe5 Nc5 7. Bc4 d6 8. Qf3 Ne6 9. exd6 Bxd6 10. Nc3 0-0 11. Be3 Bc5 12. Bd3 Bxe3 13. Qxe3 Qd6 14. 0-0-0 Qf4 15. Rhe1 Qxe3+ 16. Rxe3 Rd8 17. Bc4 Rxd1+ 18. Kxd1 Kf8 19. Nb5 Bd7 20. Bxe6 Bxb5 21. Bg4 Rd8+ 22. Ke1 Bc6 23. Bf3 Bxf3 24. Rxf3 Rd6 25. Ke2 Ke7 26. Re3+ Kd7 27. Rd3 Ke7 28. Re3+ Kd7 29. Rd3 Ke7 30. Re3+ Kd7 31. Rd3 Ke7 32. Re3+ 1/2-1/2

[Event "Washington op 11th"]
[Site "Rockville"]
[Date "2024.08.10"]
[Round "2"]
[White "Mishra, Abhimanyu"]
[Black "Zeltsan, Joseph"]
[Result "1-0"]
[WhiteElo "2621"]
[BlackElo "2417"]
[PlyCount "71"]
[EventDate "2024.08.10"]
[EventType "swiss"]
[EventRounds "9"]
[EventCountry "USA"]
[SourceTitle "EXT 2025"]
[Source "ChessBase"]
[SourceDate "2024.10.14"]
[SourceVersion "1"]
[SourceVersionDate "2024.10.14"]
[SourceQuality "1"]

1. e4 c5 2. Nf3 d6 3. d4 cxd4 4. Nxd4 Nf6 5. Nc3 a6 6. Be3 e5 7. Nb3 Be7 8. Rg1 h5 9. h3 Be6 10. Qf3 h4 11. 0-0-0 Nbd7 12. Nd5 Rc8 13. Kb1 Bxd5 14. exd5 Nb6 15. g4 g6 16. g5 Nfd7 17. Qe4 Qc7 18. Rg4 Kf8 19. Bd3 Kg8 20. Rf1 Rh7 21. a4 Nf8 22. f4 Nc4 23. f5 gxf5 24. Rxf5 Nxe3 25. Qxe3 Rg7 26. Rxh4 Ng6 27. Rg4 Nf4 28. Rfxf4 exf4 29. Qxf4 Re8 30. Nd4 Qa5 31. Nf5 Qxd5 32. Nxg7 Kxg7 33. g6 f5 34. Qxf5 Qh1+ 35. Ka2 Bf6 36. Rf4 1-0

[Event "Biel GM1 Blitz 57th"]
[Site "Biel"]
[Date "2024.07.21"]
[Round "1"]
[White "Keymer, Vincent"]
[Black "Mishra, Abhimanyu"]
[Result "1/2-1/2"]
[WhiteElo "2721"]
[BlackElo "2604"]
[PlyCount "113"]
[EventDate "2024.07.21"]
[EventType "tourn (blitz)"]
[EventRounds "10"]
[EventCountry "SUI"]
[EventCategory "18"]
[SourceTitle "CBM 221"]
[Source "ChessBase"]
[SourceDate "2024.08.31"]
[SourceVersion "1"]
[SourceVersionDate "2024.08.31"]
[SourceQuality "1"]

1. Nf3 d5 2. g3 g6 3. Bg2 Bg7 4. d4 c6 5. 0-0 Nf6 6. a4 a5 7. Nbd2 0-0 8. b3 Bf5 9. Bb2 Ne4 10. Nh4 Nxd2 11. Qxd2 Be6 12. e3 c5 13. c3 cxd4 14. exd4 Nc6 15. Ba3 Qd7 16. Rfe1 Rfe8 17. Nf3 Rac8 18. Rac1 Bf5 19. Ne5 Nxe5 20. dxe5 Be6 21. h4 b5 22. axb5 Qxb5 23. Rb1 Bf5 24. Rb2 e6 25. Bd6 Bf8 26. Bxf8 Rxf8 27. Re3 h5 28. Bf1 Qc5 29. Ra2 Rb8 30. c4 d4 31. Re1 Rb4 32. Rea1 Ra8 33. Ra4 Be4 34. Rxb4 axb4 35. Rxa8+ Bxa8 36. Qf4 Qc6 37. f3 Qxf3 38. Qxf3 Bxf3 39. Bg2 Bd1 40. c5 Bxb3 41. c6 Ba4 42. c7 Bd7 43. Bc6 Bc8 44. Kf2 f6 45. Kf3 b3 46. Ba4 b2 47. Bc2 Kf7 48. Ke4 fxe5 49. Kxe5 Ke7 50. Bxg6 Ba6 51. Kxd4 Kd6 52. Kc3 Kxc7 53. Kxb2 Be2 54. Kc3 Kd6 55. Kd4 e5+ 56. Ke3 Bg4 57. Be4 1/2-1/2

[Event "Biel GM1 Blitz 57th"]
[Site "Biel"]
[Date "2024.07.21"]
[Round "6"]
[White "Mishra, Abhimanyu"]
[Black "Keymer, Vincent"]
[Result "0-1"]
[WhiteElo "2604"]
[BlackElo "2721"]
[PlyCount "220"]
[EventDate "2024.07.21"]
[EventType "tourn (blitz)"]
[EventRounds "10"]
[EventCountry "SUI"]
[EventCategory "18"]
[SourceTitle "CBM 221"]
[Source "ChessBase"]
[SourceDate "2024.08.31"]
[SourceVersion "1"]
[SourceVersionDate "2024.08.31"]
[SourceQuality "1"]

1. e4 e5 2. Nf3 Nc6 3. Bc4 Nf6 4. d3 Bc5 5. c3 a6 6. 0-0 Ba7 7. a4 d6 8. Re1 0-0 9. h3 h6 10. Nbd2 Be6 11. Bxe6 fxe6 12. b4 Ne7 13. Nf1 Ng6 14. Ra2 d5 15. Qc2 c6 16. c4 a5 17. bxa5 d4 18. N1h2 Qxa5 19. Bd2 Qc7 20. a5 Bc5 21. Rb1 Ra7 22. g3 Qe7 23. Rab2 Bd6 24. Kg2 Rb8 25. Ng4 Nd7 26. h4 Qe8 27. Bb4 Bc7 28. Bd2 Ne7 29. Ra2 Kh8 30. Qc1 Ng8 31. Ngh2 Qd8 32. Rba1 Rba8 33. Qb1 Ngf6 34. Bb4 Qe8 35. Nf1 Qg6 36. N1d2 c5 37. Ba3 Bxa5 38. Bc1 b6 39. Nb3 Rf8 40. Nxa5 bxa5 41. Rxa5 Rxa5 42. Rxa5 Qg4 43. Nh2 Qd1 44. Ra2 Ng4 45. Nxg4 Qxg4 46. Qc2 Qf3+ 47. Kg1 Qf7 48. Ra7 Qe8 49. Qa4 Qf7 50. f4 Qg6 51. Qxd7 Qxg3+ 52. Kh1 Qh3+ 53. Kg1 Qg3+ 54. Kf1 exf4 55. Qe7 Rg8 56. Qxe6 Qxd3+ 57. Kg1 Qd1+ 58. Kg2 Qxc1 59. Qg4 Qd2+ 60. Kh3 Qe3+ 61. Kh2 d3 62. Rd7 d2 63. Kg2 Qxe4+ 64. Qf3 Qxc4 65. Rxd2 Rb8 66. Rf2 Kh7 67. Qg4 Qd5+ 68. Kh2 Qe5 69. Qf3 Qe3 70. Qxf4 Qxf4+ 71. Rxf4 Rb4 72. Rf5 Rxh4+ 73. Kg3 Rc4 74. Rd5 Rc1 75. Kf4 c4 76. Rc5 c3 77. Kg3 Re1 78. Rxc3 Re6 79. Rc5 Kg6 80. Kg4 Ra6 81. Rc4 h5+ 82. Kf3 Kh6 83. Rc8 g6 84. Rc5 Ra4 85. Rc8 Rd4 86. Rc6 Rd5 87. Kf4 Rf5+ 88. Kg3 Kg5 89. Rc3 Ra5 90. Kh3 h4 91. Rc6 Kh5 92. Rc8 Ra3+ 93. Kh2 g5 94. Rc5 Rd3 95. Rc8 Rf3 96. Rc4 Rf4 97. Rc1 Rf2+ 98. Kg1 Ra2 99. Rc4 h3 100. Kh1 g4 101. Rc8 Kh4 102. Rc4 Rf2 103. Rd4 Kg3 104. Rd3+ Rf3 105. Rd1 Ra3 106. Rg1+ Kh4 107. Rc1 g3 108. Kg1 Kg4 109. Rf1 h2+ 110. Kh1 Kh3 0-1